000 01007cam a2200289 i 4500
999 _c13316
_d13316
001 1262681
003 ARRUPE
005 20170605095639.0
008 750402s1975 enkaf b 001 0deng
010 _a 74077834
015 _aGB***
020 _a0521204631
040 _aDLC
_cDLC
_dDLC
043 _af-gh---
050 0 0 _aDT507
_b.W48
082 0 0 _a966.7/01
_219
100 1 _aWilks, Ivor.
_932156
245 1 0 _aAsante in the nineteenth century :
_bthe structure and evolution of a political order /
_cIvor Wilks.
260 _aLondon ;
_aNew York :
_bCambridge University Press,
_c1975.
300 _axvii, 800 p., [8] leaves of plates :
_bill. ;
_c24 cm.
440 0 _aAfrican studies series ;
_v13
_91224
500 _aIncludes index.
504 _aBibliography: p. 731-743.
650 0 _aAshanti (African people)
_xPolitics and government.
_932157
651 0 _aAshanti (Kingdom)
_xPolitics and government.
_932158
906 _a7
_bcbc
_corignew
_d2
_eopcn
_f19
_gy-gencatlg
942 _2lcc
_cMONOGRAPH